000 00717nam a2200229 a 4500
999 _c11013
_d11013
001 11013
003 BD-JhCC
005 20190725103212.0
008 190725b20032011bg |||| ||a| 010 0 ben d
020 _a9844151562
035 _a(BD-JhCC)11013
040 _aBD-JhCC
_dBD-JhCC
041 _aben
082 _a170
_bVUI 2011
100 _aভুঁইয়া, আনোয়ারুল্লাহ
245 _aনীতিবিদ্যা /
_cআনোয়ারুল্লাহ ভুঁইয়া ।
260 _aঢাকা :
_bঅবসর,
_c২০১১ ।
300 _a২১৬ পৃঃ. :
_c২২ সেমি.
650 _aEthice
942 _2ddc
_cBK